| Tag |
First Indicator |
Second Indicator |
Subfields |
| LEADER |
00000cam a2200000 a 4500 |
| 001 |
in00002493921 |
| 005 |
20151110062015.0 |
| 008 |
081020s2009 ohuaf b s001 0beng |
| 010 |
|
|
|a 2008043916
|
| 020 |
|
|
|a 9780821418185 (cloth : alk. paper)
|
| 020 |
|
|
|a 0821418181 (cloth : alk. paper)
|
| 020 |
|
|
|a 9780821418192 (pbk. : alk. paper)
|
| 020 |
|
|
|a 082141819X (pbk. : alk. paper)
|
| 035 |
|
|
|a (OCoLC)ocn263497919
|
| 040 |
|
|
|a DLC
|c DLC
|d UtOrBLW
|
| 043 |
|
|
|a n-us---
|
| 049 |
|
|
|a TXAM
|
| 050 |
0 |
0 |
|a E786
|b .P39 2009
|
| 082 |
0 |
0 |
|a 973.91/4092
|a B
|2 22
|
| 100 |
1 |
|
|a Payne, Phillip G.
|
| 245 |
1 |
0 |
|a Dead last :
|b the public memory of Warren G. Harding's scandalous legacy /
|c Phillip G. Payne.
|
| 264 |
|
1 |
|a Athens :
|b Ohio University Press,
|c [2009]
|
| 264 |
|
4 |
|c ©2009
|
| 300 |
|
|
|a viii, 267 pages, 6 unnumbered pages of plates :
|b illustrations ;
|c 24 cm.
|
| 336 |
|
|
|a text
|b txt
|2 rdacontent
|
| 337 |
|
|
|a unmediated
|b n
|2 rdamedia
|
| 338 |
|
|
|a volume
|b nc
|2 rdacarrier
|
| 504 |
|
|
|a Includes bibliographical references (pages [257]-261) and index.
|
| 505 |
0 |
|
|a Questions asked -- The president's hometown -- Commemorating the tragedy of Warren Harding -- My damned biographers -- The shadow of William Estabrook Chancellor -- He-harlot -- Harding Alley -- Dead last.
|
| 600 |
1 |
0 |
|a Harding, Warren G.
|q (Warren Gamaliel),
|d 1865-1923.
|
| 600 |
1 |
0 |
|a Harding, Warren G.
|q (Warren Gamaliel),
|d 1865-1923
|x Ethics.
|
| 600 |
1 |
0 |
|a Harding, Warren G.
|q (Warren Gamaliel),
|d 1865-1923
|x Historiography.
|
| 651 |
|
0 |
|a United States
|x Politics and government
|y 1921-1923.
|
| 650 |
|
0 |
|a Presidents
|z United States
|v Biography.
|
| 650 |
|
0 |
|a Political corruption
|z United States
|x History
|y 20th century.
|
| 945 |
|
|
|a PromptCat
|
| 946 |
|
|
|a stk
|
| 947 |
|
|
|a A14837441129
|
| 948 |
|
|
|a cataloged
|b h
|c 2009/2/5
|d c
|e dmitchel
|f 12:00:00 pm
|
| 994 |
|
|
|a 92
|b TXA
|
| 999 |
|
|
|a MARS
|
| 999 |
f |
f |
|s ea10c3bd-6113-36ff-82d7-709e62b5742a
|i f4c828d7-4f33-3310-9b59-4dbf05df70a0
|t 0
|
| 952 |
f |
f |
|p normal
|a Texas A&M University
|b College Station
|c Sterling C. Evans Library
|d Evans: Library Stacks
|t 0
|e E786 .P39 2009
|h Library of Congress classification
|i unmediated -- volume
|m A14837441129
|
| 998 |
f |
f |
|a E786 .P39 2009
|t 0
|l Evans: Library Stacks
|